| 000 | 00898 a2200169 4500 | ||
|---|---|---|---|
| 003 | NUST | ||
| 005 | 20230123133624.0 | ||
| 040 | _cNust | ||
| 082 | _a808.83,BUS | ||
| 100 |
_aBush, Christopher _9107453 |
||
| 245 |
_aThe Case of the Dead Shepherd / _cChristopher Bush |
||
| 260 |
_aLondon _bCassell and co _c1934 |
||
| 300 | _a318 .; | ||
| 505 | _aTravers Defines Romance (Page-11), The Dead Shepherd (Page-35), Why Tenant Died (Page-54), Whartan Is Optimistic (Page-78), Dead Man Story (Page-100), School On Parade (Page-117), Parade Continues (Page-139), Parade Still Continues (Page-161), Parade Concludes (Page-179), Another Day (Page-195), Mala Ram Owns Up (Page-215), Wharton Is Determined (Page-231), Who Killed Tenant (Page-246), Whartan Finds His Man (Page-265), Travers Unearths A Mystery (Page-286), The Truth Is So (Page-304). | ||
| 650 |
_aNovel _92525 |
||
| 942 |
_2ddc _cBK _k808.83,BUS |
||
| 999 |
_c186841 _d186841 |
||